[Event "4NCL/Div2/WWKS1 vs. GUI3"]
[Site "Sunningdale ENG"]
[Date "2006.09.16"]
[Round "1.1"]
[White "Mason, Don"]
[Black "Anderton, Matthew N"]
[Result "1/2-1/2"]
[WhiteElo "2266"]
[BlackElo "2216"]
[PlyCount "84"]
[EventDate "2006.09.16"]
[EventType "team"]
[EventRounds "11"]
[EventCountry "ENG"]
[WhiteTeam "Warks Select 1"]
[BlackTeam "Guildford-ADC 3"]

1. c4 Nf6 2. g3 e5 3. Bg2 c6 4. b3 d5 5. Bb2 Bc5 6. cxd5 cxd5 7. d4 exd4 8. Nf3
Nc6 9. Nxd4 Qa5+ 10. Kf1 O-O 11. e3 Ne4 12. Nxc6 bxc6 13. Bxe4 dxe4 14. Qh5 Rd8
15. Kg2 Rd5 16. Qh4 Bf5 17. Nc3 Rd2 18. Nd1 Qb5 19. Qg5 Bg6 20. Nc3 Qb4 21.
Rab1 h6 22. a3 hxg5 23. axb4 Bxb4 24. Na4 Bh5 25. Rhc1 Bf3+ 26. Kg1 Rad8 27.
Bd4 Rd6 28. Bxa7 Ba3 29. Re1 Rc2 30. Bd4 c5 31. Bc3 Bb4 32. Bxb4 cxb4 33. Rb2
Rdd2 34. Rxc2 Rxc2 35. Rb1 Kf8 36. Nb2 Ke7 37. Nc4 Ke6 38. Nb6 Rd2 39. Nc4 Rd1+
40. Rxd1 Bxd1 41. Nd2 Be2 42. Nxe4 g4 1/2-1/2

[Event "4NCL/Div2/WWKS1 vs. GUI3"]
[Site "Sunningdale ENG"]
[Date "2006.09.16"]
[Round "1.2"]
[White "Richardson, Keith B"]
[Black "James, Russell A"]
[Result "1/2-1/2"]
[WhiteElo "2273"]
[BlackElo "2245"]
[PlyCount "66"]
[EventDate "2006.09.16"]
[EventType "team"]
[EventRounds "11"]
[EventCountry "ENG"]
[WhiteTeam "Guildford-ADC 3"]
[BlackTeam "Warks Select 1"]

1. c4 e6 2. Nf3 d5 3. g3 Nf6 4. Bg2 Be7 5. O-O O-O 6. d4 dxc4 7. Qc2 a6 8. a4
Bd7 9. Qxc4 Bc6 10. Qd3 Be4 11. Qd1 c5 12. dxc5 Bxc5 13. Nc3 Qxd1 14. Rxd1 Bc6
15. Ne5 Bxg2 16. Kxg2 Bb4 17. Be3 Nc6 18. Nd7 Rfd8 19. Nxf6+ gxf6 20. Ne4 Kg7
21. Bb6 Rd5 22. Rxd5 exd5 23. Nc3 d4 24. Nd5 Ba5 25. Bxa5 Nxa5 26. Rd1 Nc6 27.
Nf4 Re8 28. Rd3 f5 29. Kf1 Kf6 30. Rb3 Rb8 31. Nd3 b5 32. axb5 axb5 33. Ra3 Ke6
1/2-1/2

[Event "4NCL/Div2/WWKS1 vs. GUI3"]
[Site "Sunningdale ENG"]
[Date "2006.09.16"]
[Round "1.3"]
[White "Pitcher, John"]
[Black "Allinson, Julian"]
[Result "1/2-1/2"]
[WhiteElo "2194"]
[BlackElo "2134"]
[PlyCount "61"]
[EventDate "2006.09.16"]
[EventType "team"]
[EventRounds "11"]
[EventCountry "ENG"]
[WhiteTeam "Warks Select 1"]
[BlackTeam "Guildford-ADC 3"]

1. e4 c6 2. d4 d5 3. e5 Qb6 4. c4 Bf5 5. Nc3 e6 6. Nf3 Ne7 7. c5 Qc7 8. Be2 Nd7
9. h3 f6 10. g4 Be4 11. exf6 Bxf3 12. f7+ Kxf7 13. Bxf3 Ng6 14. Qd3 Be7 15. Bd2
Raf8 16. Bg2 Ke8 17. Ne2 e5 18. O-O e4 19. Qg3 Qxg3 20. fxg3 Rxf1+ 21. Rxf1 Rf8
22. Rc1 Rf7 23. g5 Bd8 24. h4 Bc7 25. b4 Ne7 26. Bh3 Rf3 27. Rc3 Rxc3 28. Bxc3
g6 29. Kf2 Nf5 30. Bd2 Ke7 31. Bxf5 1/2-1/2

[Event "4NCL/Div2/WWKS1 vs. GUI3"]
[Site "Sunningdale ENG"]
[Date "2006.09.16"]
[Round "1.4"]
[White "Dekker, Alain"]
[Black "Shephard, Chris C W"]
[Result "1/2-1/2"]
[WhiteElo "2141"]
[BlackElo "2180"]
[PlyCount "48"]
[EventDate "2006.09.16"]
[EventType "team"]
[EventRounds "11"]
[EventCountry "ENG"]
[WhiteTeam "Guildford-ADC 3"]
[BlackTeam "Warks Select 1"]

1. e4 c5 2. Nf3 d6 3. d4 cxd4 4. Nxd4 Nf6 5. Nc3 a6 6. g4 Bxg4 7. f3 Bd7 8. Bg5
e6 9. Qd2 Nc6 10. Nxc6 Bxc6 11. O-O-O Qa5 12. Kb1 O-O-O 13. Rg1 Qc7 14. Bh3 Bd7
15. Qf2 b5 16. a3 Kb7 17. f4 Rc8 18. e5 Ne8 19. Rg3 d5 20. f5 Bc5 21. Qd2 Bb6
22. Rf3 Qxe5 23. Bf4 Qf6 24. Bg5 Qe5 1/2-1/2

[Event "4NCL/Div2/WWKS1 vs. GUI3"]
[Site "Sunningdale ENG"]
[Date "2006.09.16"]
[Round "1.5"]
[White "Emanuel, John"]
[Black "Sharp, Peter J"]
[Result "1/2-1/2"]
[WhiteElo "2003"]
[BlackElo "2099"]
[PlyCount "81"]
[EventDate "2006.09.16"]
[EventType "team"]
[EventRounds "11"]
[EventCountry "ENG"]
[WhiteTeam "Warks Select 1"]
[BlackTeam "Guildford-ADC 3"]

1. e4 Nf6 2. e5 Nd5 3. d4 d6 4. Nf3 dxe5 5. dxe5 Bg4 6. Bc4 e6 7. O-O c6 8. h3
Bxf3 9. Qxf3 Nd7 10. Re1 Qc7 11. Bf4 h6 12. Bxd5 cxd5 13. Nc3 Qc6 14. a3 Be7
15. Rec1 O-O 16. Qg3 Kh8 17. Rab1 Rfc8 18. Ne2 Qc4 19. Qf3 Rf8 20. Qh5 Kg8 21.
c3 Qe4 22. Re1 Nc5 23. Bh2 Nd3 24. Ng3 Qh7 25. Red1 Bc5 26. Nh1 f6 27. Qe2 Nxe5
28. Bxe5 fxe5 29. Qxe5 Qf5 30. Qxf5 Rxf5 31. Re1 e5 32. Re2 e4 33. Rd1 Raf8 34.
Rc1 b5 35. Rcc2 h5 36. Ng3 Rg5 37. Nf1 Rf6 38. Ne3 d4 39. cxd4 Bxd4 40. Rcd2
Bc5 41. Rc2 1/2-1/2

[Event "4NCL/Div2/WWKS1 vs. GUI3"]
[Site "Sunningdale ENG"]
[Date "2006.09.16"]
[Round "1.6"]
[White "Norman, Kenneth I"]
[Black "Fallowfield, Jeremy"]
[Result "0-1"]
[WhiteElo "2143"]
[BlackElo "2060"]
[PlyCount "52"]
[EventDate "2006.09.16"]
[EventType "team"]
[EventRounds "11"]
[EventCountry "ENG"]
[WhiteTeam "Guildford-ADC 3"]
[BlackTeam "Warks Select 1"]

1. Nf3 Nf6 2. c4 g6 3. d4 Bg7 4. g3 O-O 5. Bg2 d6 6. Nc3 Nbd7 7. O-O e5 8. e4
exd4 9. Nxd4 Re8 10. h3 a6 11. Re1 Rb8 12. Rb1 c5 13. Nf3 b5 14. Qxd6 b4 15.
Nd5 Nxe4 16. Qc7 Bb7 17. Qxd8 Rbxd8 18. Nc7 Re7 19. Ng5 Ndf6 20. Nxe4 Bxe4 21.
Bxe4 Rxe4 22. Be3 Rxc4 23. Nxa6 Ne4 24. b3 Rc2 25. Rec1 Rxa2 26. Nxc5 Nc3 0-1

[Event "4NCL/Div2/WWKS1 vs. GUI3"]
[Site "Sunningdale ENG"]
[Date "2006.09.16"]
[Round "1.7"]
[White "Fallowfield, Nicholas"]
[Black "Shepley, Julien M"]
[Result "1/2-1/2"]
[WhiteElo "1980"]
[BlackElo "2123"]
[PlyCount "57"]
[EventDate "2006.09.16"]
[EventType "team"]
[EventRounds "11"]
[EventCountry "ENG"]
[WhiteTeam "Warks Select 1"]
[BlackTeam "Guildford-ADC 3"]

1. e4 d6 2. d4 c6 3. Nc3 Qc7 4. Nf3 e5 5. Bc4 h6 6. h3 Nf6 7. O-O Nbd7 8. Re1
Be7 9. dxe5 dxe5 10. Nh4 Nb6 11. Bb3 g5 12. Nf5 Bxf5 13. exf5 Bd6 14. Ne4 Nxe4
15. Rxe4 O-O-O 16. Qe2 Nd5 17. a4 Rhe8 18. a5 Nf6 19. Rea4 Qe7 20. Qc4 Bc5 21.
Qxf7 Rd1+ 22. Kh2 Bxf2 23. Qxe7 Rxe7 24. Bxg5 Rxa1 25. Bxf6 Rxa4 26. Bxe7 Kd7
27. Bxa4 Kxe7 28. g4 Be1 29. Kg2 1/2-1/2

[Event "4NCL/Div2/WWKS1 vs. GUI3"]
[Site "Sunningdale ENG"]
[Date "2006.09.16"]
[Round "1.8"]
[White "Morris, Claire H"]
[Black "Williams, Soriah L"]
[Result "1-0"]
[WhiteElo "1880"]
[BlackElo "1480"]
[PlyCount "53"]
[EventDate "2006.09.16"]
[EventType "team"]
[EventRounds "11"]
[EventCountry "ENG"]
[WhiteTeam "Guildford-ADC 3"]
[BlackTeam "Warks Select 1"]

1. e4 e5 2. Nf3 Nc6 3. d4 exd4 4. Nxd4 Bc5 5. Be3 Nf6 6. Nxc6 bxc6 7. Bxc5 Nxe4
8. Qe2 d6 9. Qxe4+ Be6 10. Qxc6+ Bd7 11. Qe4+ Be6 12. Bb5+ Kf8 13. Bd4 Rb8 14.
Bc6 a6 15. O-O Qc8 16. Re1 Bf5 17. Qe7+ Kg8 18. Ba7 h6 19. Bxb8 Qxb8 20. Qe8+
Kh7 21. Qxf7 Rf8 22. Qb3 Qd8 23. Nc3 Qf6 24. Ne4 Bxe4 25. Bxe4+ Kh8 26. Re2 Re8
27. Rae1 1-0

[Event "4NCL/Div2/PPA1 vs. RIC"]
[Site "Sunningdale ENG"]
[Date "2006.09.16"]
[Round "1.1"]
[White "Harley, Andrew"]
[Black "Bates, Richard A"]
[Result "0-1"]
[WhiteElo "2230"]
[BlackElo "2366"]
[PlyCount "100"]
[EventDate "2006.09.16"]
[EventType "team"]
[EventRounds "11"]
[EventCountry "ENG"]
[WhiteTeam "Poisnd Pawns 1"]
[BlackTeam "Richmond"]

1. e4 c5 2. c3 Nf6 3. e5 Nd5 4. Bc4 Nb6 5. Bb3 Nc6 6. Nf3 d5 7. exd6 c4 8. Bc2
Qxd6 9. O-O Bg4 10. Qe2 e6 11. h3 Bh5 12. Na3 Qf4 13. b3 cxb3 14. axb3 Bd6 15.
Nb5 Bb8 16. Qe3 Nd5 17. Qxf4 Nxf4 18. Nbd4 Nxd4 19. Nxd4 Bg6 20. Ba3 Ne2+ 21.
Nxe2 Bxc2 22. Nd4 Bd3 23. Rfe1 Kd7 24. Re3 Bg6 25. Nf3 f6 26. d4 Bf4 27. Re2
Bd3 28. Rea2 Rac8 29. Bc1 Bb8 30. c4 g5 31. d5 exd5 32. Rd2 Be4 33. Bb2 Rhf8
34. Re1 Rce8 35. Ba3 Rg8 36. cxd5 g4 37. Nd4 gxh3 38. g3 h2+ 39. Kxh2 Rg6 40.
Rxe4 Rxe4 41. Ne6 Bd6 42. Bc5 a6 43. Bd4 h5 44. Kh3 h4 45. gxh4 Re1 46. f4 Rh1+
47. Rh2 Rd1 48. h5 Rg8 49. h6 Rg6 50. h7 Rd3+ 0-1

[Event "4NCL/Div2/PPA1 vs. RIC"]
[Site "Sunningdale ENG"]
[Date "2006.09.16"]
[Round "1.2"]
[White "Wall, Gavin"]
[Black "Posazhennikov, Alex"]
[Result "1/2-1/2"]
[WhiteElo "2344"]
[BlackElo "2228"]
[PlyCount "63"]
[EventDate "2006.09.16"]
[EventType "team"]
[EventRounds "11"]
[EventCountry "ENG"]
[WhiteTeam "Richmond"]
[BlackTeam "Poisnd Pawns 1"]

1. e4 c6 2. Nc3 d5 3. Nf3 g6 4. d4 Bg7 5. h3 dxe4 6. Nxe4 Nd7 7. Bc4 Ngf6 8.
Nxf6+ Nxf6 9. O-O O-O 10. Re1 b5 11. Bb3 a5 12. a4 e6 13. Ne5 Qb6 14. Qf3 Nd5
15. c3 Qb7 16. Nd3 Qd7 17. Nc5 Qd8 18. axb5 cxb5 19. Bf4 a4 20. Be5 Ra7 21.
Bxg7 Kxg7 22. Bxd5 Qxd5 23. Qxd5 exd5 24. g4 h5 25. f3 hxg4 26. hxg4 f5 27. g5
f4 28. Re5 Rf5 29. Rae1 a3 30. bxa3 Rxa3 31. Re7+ Rf7 32. Re8 1/2-1/2

[Event "4NCL/Div2/PPA1 vs. RIC"]
[Site "Sunningdale ENG"]
[Date "2006.09.16"]
[Round "1.3"]
[White "Moore, Gerald"]
[Black "Bisby, Daniel L"]
[Result "1/2-1/2"]
[WhiteElo "2244"]
[BlackElo "2277"]
[PlyCount "64"]
[EventDate "2006.09.16"]
[EventType "team"]
[EventRounds "11"]
[EventCountry "ENG"]
[WhiteTeam "Poisnd Pawns 1"]
[BlackTeam "Richmond"]

1. Nf3 d5 2. d4 Nf6 3. c4 e6 4. Nc3 Be7 5. Bg5 h6 6. Bh4 O-O 7. e3 b6 8. Rc1
Bb7 9. Bxf6 Bxf6 10. cxd5 exd5 11. Be2 c6 12. O-O Bc8 13. e4 Be6 14. exd5 Bxd5
15. Nxd5 Qxd5 16. Qa4 b5 17. Qb3 Qxb3 18. axb3 Rd8 19. Rfd1 a5 20. Bd3 a4 21.
Bc2 a3 22. bxa3 Rxa3 23. Kf1 g6 24. Be4 Rxb3 25. Bxc6 b4 26. Bb5 Rc3 27. Rxc3
bxc3 28. Rc1 Bxd4 29. Nxd4 Rxd4 30. Rxc3 Nd7 31. Rc8+ Nf8 32. Bc4 Kg7 1/2-1/2

[Event "4NCL/Div2/PPA1 vs. RIC"]
[Site "Sunningdale ENG"]
[Date "2006.09.16"]
[Round "1.4"]
[White "Osborne, Marcus E"]
[Black "Byway, Paul"]
[Result "1-0"]
[WhiteElo "2237"]
[BlackElo "2199"]
[PlyCount "45"]
[EventDate "2006.09.16"]
[EventType "team"]
[EventRounds "11"]
[EventCountry "ENG"]
[WhiteTeam "Richmond"]
[BlackTeam "Poisnd Pawns 1"]

1. d4 Nf6 2. c4 e6 3. Nf3 d5 4. Bg5 Nbd7 5. Nc3 c6 6. cxd5 exd5 7. e3 Be7 8.
Qc2 O-O 9. Bd3 Re8 10. O-O Nf8 11. Rae1 Ne4 12. Bxe7 Qxe7 13. Bxe4 dxe4 14. Nd2
f5 15. f3 exf3 16. Nxf3 h6 17. d5 Qc5 18. dxc6 Rxe3 19. Qf2 Rxc3 20. bxc3 Qxc6
21. Nd4 Qxc3 22. Re8 b6 23. Nxf5 1-0

[Event "4NCL/Div2/PPA1 vs. RIC"]
[Site "Sunningdale ENG"]
[Date "2006.09.16"]
[Round "1.5"]
[White "Dignam, Matthew"]
[Black "Franklin, Michael J"]
[Result "0-1"]
[WhiteElo "2150"]
[BlackElo "2211"]
[PlyCount "70"]
[EventDate "2006.09.16"]
[EventType "team"]
[EventRounds "11"]
[EventCountry "ENG"]
[WhiteTeam "Poisnd Pawns 1"]
[BlackTeam "Richmond"]

1. d4 Nf6 2. Nc3 d5 3. Bg5 Nbd7 4. Nf3 c6 5. Qd3 g6 6. e4 dxe4 7. Nxe4 Bg7 8.
Ng3 Qa5+ 9. Bd2 Qc7 10. Be2 Nd5 11. O-O Nf4 12. Qe4 Nxe2+ 13. Qxe2 Nf6 14. h3
O-O 15. Rfe1 Re8 16. Rad1 b6 17. Ne5 Bb7 18. c4 Rad8 19. Bg5 h6 20. Bc1 e6 21.
b4 Nd7 22. Nf3 c5 23. dxc5 bxc5 24. b5 e5 25. Ne4 Nf8 26. Ba3 Ne6 27. Qe3 Nd4
28. Nxd4 cxd4 29. Qd3 Bxe4 30. Qxe4 Qxc4 31. Qb7 Qa4 32. Be7 Rb8 33. Qd7 Qxb5
34. Qxa7 Rb7 35. Qa3 Rbxe7 0-1

[Event "4NCL/Div2/PPA1 vs. RIC"]
[Site "Sunningdale ENG"]
[Date "2006.09.16"]
[Round "1.6"]
[White "Chevannes, Sabrina"]
[Black "Hansen, Hans-Peter"]
[Result "1/2-1/2"]
[WhiteElo "2080"]
[BlackElo "2211"]
[PlyCount "48"]
[EventDate "2006.09.16"]
[EventType "team"]
[EventRounds "11"]
[EventCountry "ENG"]
[WhiteTeam "Richmond"]
[BlackTeam "Poisnd Pawns 1"]

1. d4 Nf6 2. Nf3 e6 3. c3 c5 4. Bg5 h6 5. Bxf6 Qxf6 6. e4 d6 7. Nbd2 a6 8. a4
Nd7 9. Bc4 g6 10. O-O Bg7 11. Re1 O-O 12. Qe2 Qe7 13. Rad1 b6 14. Nf1 Bb7 15.
Qd2 cxd4 16. cxd4 Rfc8 17. Rc1 Rc7 18. Bd3 Rac8 19. Rxc7 Rxc7 20. Rc1 Nf6 21.
Ng3 Qd7 22. b3 Qc8 23. Rxc7 Qxc7 24. Kf1 h5 1/2-1/2

[Event "4NCL/Div2/PPA1 vs. RIC"]
[Site "Sunningdale ENG"]
[Date "2006.09.16"]
[Round "1.7"]
[White "Rosen, Daniel B"]
[Black "Meyer, Gordon"]
[Result "0-1"]
[WhiteElo "2132"]
[BlackElo "2151"]
[PlyCount "64"]
[EventDate "2006.09.16"]
[EventType "team"]
[EventRounds "11"]
[EventCountry "ENG"]
[WhiteTeam "Poisnd Pawns 1"]
[BlackTeam "Richmond"]

1. e4 c5 2. Nc3 a6 3. f4 e6 4. Nf3 Nc6 5. Be2 Nd4 6. O-O Ne7 7. d3 Nec6 8. Qd2
Qa5 9. Bd1 Be7 10. Ne2 Nxe2+ 11. Qxe2 b5 12. c3 O-O 13. Bc2 b4 14. Bd2 Qb6 15.
Kh1 a5 16. e5 d5 17. Qf2 d4 18. Ba4 dxc3 19. bxc3 Ba6 20. Ne1 Rad8 21. Bxc6
Qxc6 22. c4 Rd7 23. Be3 Rfd8 24. Qg3 a4 25. Rf2 a3 26. Rb1 Rxd3 27. Nxd3 Rxd3
28. Rd2 Rxd2 29. Bxd2 Bxc4 30. Re1 Qd5 31. Qf2 Bxa2 32. Be3 b3 0-1

[Event "4NCL/Div2/PPA1 vs. RIC"]
[Site "Sunningdale ENG"]
[Date "2006.09.16"]
[Round "1.8"]
[White "Mitchem, Nicholas D"]
[Black "Bentley, Emma"]
[Result "1-0"]
[WhiteElo "2048"]
[BlackElo "1405"]
[PlyCount "143"]
[EventDate "2006.09.16"]
[EventType "team"]
[EventRounds "11"]
[EventCountry "ENG"]
[WhiteTeam "Richmond"]
[BlackTeam "Poisnd Pawns 1"]

1. e4 e5 2. Nf3 Nc6 3. Bc4 Bc5 4. O-O Nf6 5. d3 O-O 6. Nc3 Re8 7. a3 Nd4 8.
Nxd4 Bxd4 9. Bg5 h6 10. Bxf6 Qxf6 11. Nd5 Qd8 12. c3 Bc5 13. b4 Be7 14. Qh5 Rf8
15. Qxe5 Bd6 16. Qh5 c6 17. Ne3 Qg5 18. Qxg5 hxg5 19. d4 b5 20. Bb3 a5 21. e5
Be7 22. Nf5 Re8 23. d5 cxd5 24. Bxd5 Ra6 25. Nd4 axb4 26. axb4 Rb6 27. h3 Bb7
28. Bxb7 Rxb7 29. Rfe1 Rbb8 30. Ra5 Bd8 31. Rxb5 Rxb5 32. Nxb5 Bf6 33. Nc7 Rxe5
34. Rxe5 Bxe5 35. Nd5 Kh7 36. b5 Bb8 37. Nb6 d6 38. Nd7 Bc7 39. b6 Bd8 40. b7
Bc7 41. b8=Q Bxb8 42. Nxb8 Kg6 43. Kf1 f5 44. Ke2 f4 45. Nc6 Kf6 46. Kd3 Kf5
47. Nd4+ Ke5 48. f3 d5 49. Nb5 g6 50. Na7 Kd6 51. Kd4 Ke6 52. Nc8 Kd7 53. Nb6+
Kd6 54. Nxd5 Kc6 55. c4 Kd6 56. c5+ Kc6 57. Ne7+ Kd7 58. Nxg6 Kc6 59. Ne5+ Kc7
60. Kd5 Kc8 61. Kd6 Kd8 62. c6 Kc8 63. Nc4 g4 64. hxg4 Kb8 65. c7+ Kc8 66. Nb6+
Kb7 67. c8=Q+ Kxb6 68. Qc4 Kb7 69. Kd7 Kb8 70. Qb5+ Ka8 71. Kc7 Ka7 72. Qa5#
1-0

[Event "4NCL/Div2/OXF1 vs. WES1"]
[Site "Sunningdale ENG"]
[Date "2006.09.16"]
[Round "1.1"]
[White "Savage, Ben D"]
[Black "Corkett, Anthony R"]
[Result "1/2-1/2"]
[WhiteElo "2319"]
[BlackElo "2339"]
[PlyCount "46"]
[EventDate "2006.09.16"]
[EventType "team"]
[EventRounds "11"]
[EventCountry "ENG"]
[WhiteTeam "Oxford 1"]
[BlackTeam "Wessex 1"]

1. e4 c5 2. c3 e6 3. d4 d5 4. exd5 exd5 5. Nf3 Nc6 6. Bb5 Bd6 7. O-O Nge7 8.
dxc5 Bxc5 9. Nbd2 O-O 10. Nb3 Bd6 11. Nbd4 Bg4 12. Be2 a6 13. Be3 Rc8 14. h3
Bxf3 15. Bxf3 Ne5 16. Bg5 Qd7 17. Bxe7 Bxe7 18. Re1 Bf6 19. Qb3 Rcd8 20. Rad1
Rfe8 21. Be2 Qc8 22. Bf3 Qd7 23. Be2 Qc8 1/2-1/2

[Event "4NCL/Div2/OXF1 vs. WES1"]
[Site "Sunningdale ENG"]
[Date "2006.09.16"]
[Round "1.2"]
[White "Webb, Richard M"]
[Black "Milovanovic, Aleksander"]
[Result "0-1"]
[WhiteElo "2286"]
[BlackElo "2272"]
[PlyCount "78"]
[EventDate "2006.09.16"]
[EventType "team"]
[EventRounds "11"]
[EventCountry "ENG"]
[WhiteTeam "Wessex 1"]
[BlackTeam "Oxford 1"]

1. e4 c5 2. Nc3 g6 3. Nf3 Bg7 4. d4 cxd4 5. Nxd4 Nc6 6. Be3 Nf6 7. Bc4 O-O 8.
Bb3 d6 9. f3 Nd7 10. h4 h5 11. Qd2 Nde5 12. O-O-O Na5 13. Qe2 Nxb3+ 14. axb3
Bd7 15. g4 hxg4 16. f4 Nc6 17. h5 Nxd4 18. Bxd4 e5 19. fxe5 Qg5+ 20. Kb1 gxh5
21. exd6 Rfe8 22. Be3 Qg6 23. Nd5 Qxd6 24. Rxh5 Rxe4 25. Nc3 Rxe3 26. Qxe3 Qe6
27. Qd3 Qg6 28. Qxg6 fxg6 29. Rhd5 Bf5 30. R1d2 Re8 31. Nb5 Bh6 32. Rd1 g3 33.
Nd6 Rf8 34. Rg1 Bf4 35. Nxf5 Rxf5 36. Rxf5 gxf5 37. c3 Bc7 38. Kc2 f4 39. Kd3
f3 0-1

[Event "4NCL/Div2/OXF1 vs. WES1"]
[Site "Sunningdale ENG"]
[Date "2006.09.16"]
[Round "1.3"]
[White "Bilalic, Merim"]
[Black "Allicock, Rawle A"]
[Result "1/2-1/2"]
[WhiteElo "2288"]
[BlackElo "2308"]
[PlyCount "81"]
[EventDate "2006.09.16"]
[EventType "team"]
[EventRounds "11"]
[EventCountry "ENG"]
[WhiteTeam "Oxford 1"]
[BlackTeam "Wessex 1"]

1. e4 e5 2. Nf3 Nc6 3. Bb5 a6 4. Bxc6 dxc6 5. O-O Bg4 6. h3 Bxf3 7. Qxf3 Qf6 8.
Qg3 Bc5 9. d3 Ne7 10. Be3 Bd6 11. Qg5 Qxg5 12. Bxg5 Bc5 13. Nc3 f6 14. Be3 Bxe3
15. fxe3 O-O-O 16. b4 Rd6 17. a4 Rhd8 18. a5 Ng6 19. Na4 Nf8 20. Rad1 Ne6 21.
Kf2 Kb8 22. Ke2 Ka7 23. c3 b6 24. d4 Ng5 25. Kd3 Re8 26. h4 Nf7 27. c4 exd4 28.
exd4 Ne5+ 29. Kc3 Nxc4 30. axb6+ Nxb6 31. Nc5 Nd7 32. Rfe1 Nxc5 33. bxc5 Rdd8
34. Ra1 Ra8 35. Ra4 Kb7 36. Kd3 Reb8 37. d5 cxd5 38. exd5 Re8 39. Rb1+ Kc8 40.
Rba1 Re5 41. Kd4 1/2-1/2

[Event "4NCL/Div2/OXF1 vs. WES1"]
[Site "Sunningdale ENG"]
[Date "2006.09.16"]
[Round "1.4"]
[White "Upton, Ian J"]
[Black "Rawlinson, Aidan"]
[Result "1-0"]
[WhiteElo "2259"]
[BlackElo "2183"]
[PlyCount "109"]
[EventDate "2006.09.16"]
[EventType "team"]
[EventRounds "11"]
[EventCountry "ENG"]
[WhiteTeam "Wessex 1"]
[BlackTeam "Oxford 1"]

1. d4 d5 2. c4 c6 3. Nf3 Nf6 4. Nc3 e6 5. e3 Nbd7 6. Qc2 Bd6 7. Bd3 dxc4 8.
Bxc4 O-O 9. O-O Qe7 10. Bd2 b5 11. Bd3 Bb7 12. Rae1 b4 13. Na4 c5 14. e4 e5 15.
dxe5 Bxe5 16. Nxe5 Nxe5 17. Qxc5 Qxc5 18. Nxc5 Nxd3 19. Nxd3 Ba6 20. Nxb4 Bxf1
21. Kxf1 Rfd8 22. Bc3 Rac8 23. f3 Nd7 24. Nd5 Kf8 25. Bb4+ Ke8 26. Be7 Rc2 27.
Bxd8 Kxd8 28. Re2 Rc1+ 29. Kf2 Ne5 30. f4 Nc4 31. Ne3 Nb6 32. Rd2+ Ke8 33. Rc2
Rb1 34. Ke2 g6 35. Nd1 Kd7 36. h3 Kd6 37. Nc3 Ra1 38. Nb5+ Ke7 39. a3 a6 40.
Nd4 Nd7 41. Nb3 Rg1 42. Kf2 Rd1 43. Ke3 Nf6 44. Rc1 Rd8 45. Rc7+ Kf8 46. Rc6
Kg7 47. Nc5 Rd1 48. Rxa6 Re1+ 49. Kf2 Rc1 50. e5 Nd5 51. Nd3 Rd1 52. Ke2 Rg1
53. Rd6 Ne7 54. Kf2 Rd1 55. Nb4 1-0

[Event "4NCL/Div2/OXF1 vs. WES1"]
[Site "Sunningdale ENG"]
[Date "2006.09.16"]
[Round "1.5"]
[White "Smallbone, Kieran"]
[Black "Simons, Martin J"]
[Result "1-0"]
[WhiteElo "2228"]
[BlackElo "2238"]
[PlyCount "83"]
[EventDate "2006.09.16"]
[EventType "team"]
[EventRounds "11"]
[EventCountry "ENG"]
[WhiteTeam "Oxford 1"]
[BlackTeam "Wessex 1"]

1. e4 Nc6 2. d4 d5 3. Nc3 Nf6 4. e5 Nd7 5. Nge2 Nb6 6. Ng3 g6 7. a4 h5 8. Bb5
h4 9. Nf1 a5 10. Ne3 Bg7 11. O-O Be6 12. f4 Qd7 13. Qf3 Rh5 14. b3 O-O-O 15.
Ba3 Kb8 16. Ne2 Nc8 17. c3 N8a7 18. Bd3 Rdh8 19. Bc2 Nc8 20. Bc5 Nb6 21. Rfd1
Rd8 22. Rab1 Ka8 23. Rb2 Rhh8 24. c4 Rhe8 25. Nc3 Nb4 26. Bxb4 axb4 27. Ncxd5
Nxd5 28. cxd5 Bf5 29. Bxf5 gxf5 30. Qh5 e6 31. Qxh4 Rh8 32. Qe1 Bf8 33. dxe6
fxe6 34. Rc2 Qh7 35. h3 b6 36. Qf2 c5 37. Qf3+ Ka7 38. d5 exd5 39. Rxd5 Qb7 40.
Rcd2 c4 41. Nxc4 Bc5+ 42. Kh1 1-0

[Event "4NCL/Div2/OXF1 vs. WES1"]
[Site "Sunningdale ENG"]
[Date "2006.09.16"]
[Round "1.6"]
[White "Yeo, Michael J"]
[Black "Eckersley-Waites, Tom"]
[Result "0-1"]
[WhiteElo "2161"]
[BlackElo "2141"]
[PlyCount "74"]
[EventDate "2006.09.16"]
[EventType "team"]
[EventRounds "11"]
[EventCountry "ENG"]
[WhiteTeam "Wessex 1"]
[BlackTeam "Oxford 1"]

1. e4 c5 2. Nf3 Nc6 3. d4 cxd4 4. Nxd4 Nf6 5. Nc3 e5 6. Ndb5 d6 7. Bg5 a6 8.
Na3 b5 9. Bxf6 gxf6 10. Nd5 f5 11. Nxb5 axb5 12. Bxb5 Bd7 13. exf5 Bg7 14. c3
O-O 15. Qg4 f6 16. O-O Rb8 17. a4 Ne7 18. Rfd1 Kh8 19. Bxd7 Qxd7 20. Nxe7 Qxe7
21. b4 Rfc8 22. b5 Rxc3 23. Qb4 Rc5 24. b6 Rc6 25. a5 Qb7 26. Rdb1 Bf8 27. a6
Qa8 28. b7 Qa7 29. Qb5 Rc2 30. Qf1 Bh6 31. Rb3 e4 32. Kh1 Bf4 33. g3 Be5 34.
Rc1 Rxc1 35. Qxc1 Qxa6 36. Kg2 d5 37. Qc5 Qc4 0-1

[Event "4NCL/Div2/OXF1 vs. WES1"]
[Site "Sunningdale ENG"]
[Date "2006.09.16"]
[Round "1.7"]
[White "Duggan, Chris"]
[Black "Jenks, Bruce"]
[Result "0-1"]
[WhiteElo "2138"]
[BlackElo "2100"]
[PlyCount "62"]
[EventDate "2006.09.16"]
[EventType "team"]
[EventRounds "11"]
[EventCountry "ENG"]
[WhiteTeam "Oxford 1"]
[BlackTeam "Wessex 1"]

1. e4 c5 2. Nf3 g6 3. c3 Bg7 4. d4 cxd4 5. cxd4 d5 6. e5 Bg4 7. h3 Bxf3 8. Qxf3
e6 9. Qb3 Nc6 10. Nc3 Nge7 11. Bd3 Nxd4 12. Qxb7 Rb8 13. Qxa7 Nec6 14. Qa4 O-O
15. Be3 Nxe5 16. Rd1 Nxd3+ 17. Rxd3 Nf5 18. Bc1 Ra8 19. Qc2 Qa5 20. O-O Rfc8
21. Qe2 h5 22. g4 hxg4 23. hxg4 Nd6 24. Kg2 Rc4 25. Rh1 Ne4 26. Rdh3 Nxc3 27.
bxc3 Qxa2 28. Qf3 Qa4 29. Kg3 Be5+ 30. Bf4 Rxf4 31. Qe3 Re4+ 0-1

[Event "4NCL/Div2/OXF1 vs. WES1"]
[Site "Sunningdale ENG"]
[Date "2006.09.16"]
[Round "1.8"]
[White "Norman, Dinah"]
[Black "Messam-Sparkes, Lateefah"]
[Result "0-1"]
[WhiteElo "2003"]
[BlackElo "1855"]
[PlyCount "86"]
[EventDate "2006.09.16"]
[EventType "team"]
[EventRounds "11"]
[EventCountry "ENG"]
[WhiteTeam "Wessex 1"]
[BlackTeam "Oxford 1"]

1. d4 Nf6 2. Nf3 e6 3. Bg5 Be7 4. Nbd2 b6 5. e4 Bb7 6. Bd3 h6 7. Bh4 Nc6 8. c3
d5 9. e5 Nd7 10. Bxe7 Nxe7 11. Qe2 c5 12. O-O c4 13. Bc2 O-O 14. a4 a6 15. Rfb1
Qc7 16. Nf1 Nc6 17. Ng3 Rfe8 18. Nd2 b5 19. axb5 axb5 20. Qe1 b4 21. Rxa8 Rxa8
22. Ra1 Rxa1 23. Qxa1 b3 24. Bd1 Qa5 25. Qc1 Qa2 26. Bh5 g6 27. Bg4 Nb6 28. Nf3
Nd8 29. Qxh6 Qxb2 30. Ng5 Qa3 31. Qh7+ Kf8 32. Qh8+ Ke7 33. Qf6+ Ke8 34. Nxf7
Nxf7 35. Qxe6+ Kf8 36. Qxb6 b2 37. Nf1 Qa1 38. Qb4+ Kg7 39. Qe7 b1=Q 40. Qf6+
Kf8 41. Be2 Qf5 42. Qb6 Qa6 43. Qb4+ Kg7 0-1